The Constitutional Review Process in Kenya (Record no. 3491)
[ view plain ]
| 000 -LEADER | |
|---|---|
| fixed length control field | 00302nam a22001097a 4500 |
| 008 - FIXED-LENGTH DATA ELEMENTS--GENERAL INFORMATION | |
| fixed length control field | 230703b xxu||||| |||| 00| 0 eng d |
| 082 ## - DEWEY DECIMAL CLASSIFICATION NUMBER | |
| Classification number | 342 |
| Item number | CKRC 2002 |
| 245 ## - TITLE STATEMENT | |
| Title | The Constitutional Review Process in Kenya |
| 260 ## - PUBLICATION, DISTRIBUTION, ETC. (IMPRINT) | |
| Name of publisher, distributor, etc. | Constitution of Kenya Review Commission |
| Date of publication, distribution, etc. | 2002 |
| 300 ## - PHYSICAL DESCRIPTION | |
| Extent | 22p |
| 942 ## - ADDED ENTRY ELEMENTS (KOHA) | |
| Source of classification or shelving scheme | Dewey Decimal Classification |
| Koha item type | Books |
| Withdrawn status | Lost status | Source of classification or shelving scheme | Damaged status | Not for loan | Home library | Current library | Date acquired | Total Checkouts | Full call number | Barcode | Date last seen | Price effective from | Koha item type |
|---|---|---|---|---|---|---|---|---|---|---|---|---|---|
| Dewey Decimal Classification | County Hall Archives | County Hall Archives | 07/03/2023 | 342 CKRC 2002 | 10016017 | 07/03/2023 | 07/03/2023 | Books | |||||
| Dewey Decimal Classification | County Hall Archives | County Hall Archives | 07/03/2023 | 342 CKRC 2002 | 10016013 | 07/03/2023 | 07/03/2023 | Books | |||||
| Dewey Decimal Classification | County Hall Archives | County Hall Archives | 07/03/2023 | 342 CKRC 2002 | 10016012 | 07/03/2023 | 07/03/2023 | Books | |||||
| Dewey Decimal Classification | County Hall Archives | County Hall Archives | 07/03/2023 | 342 CKRC 2002 | 10016011 | 07/03/2023 | 07/03/2023 | Books | |||||
| Dewey Decimal Classification | County Hall Archives | County Hall Archives | 07/03/2023 | 342 CKRC 2002 | 10016010 | 07/03/2023 | 07/03/2023 | Books | |||||
| Dewey Decimal Classification | County Hall Archives | County Hall Archives | 07/03/2023 | 342 CKRC 2002 | 10013588 | 07/03/2023 | 07/03/2023 | Books | |||||
| Dewey Decimal Classification | County Hall Archives | County Hall Archives | 07/04/2023 | 342 CKRC | 10016016 | 07/04/2023 | 07/04/2023 | Books | |||||
| Dewey Decimal Classification | County Hall Archives | County Hall Archives | 07/04/2023 | 342 CKRC 2002 | 10016014 | 07/04/2023 | 07/04/2023 | Books |
